[Event "Master Tournament (MTO)"]
[White "Stojanovic, Mihajlo"]
[Black "Soham, Das"]
[Site "Biel/Bienne"]
[Round "6.19"]
[Annotator ""]
[Result "1-0"]
[Date "2018.07.29"]
[WhiteElo "2486"]
[BlackElo "2359"]
[PlyCount "67"]

1. d4 f5 2. g3 Nf6 3. Bg2 g6 4. c4 Bg7 5. Nc3 0-0 6. Nf3 d6 7. 0-0 Qe8 8. b3 Na6
9. Ba3 c6 10. Qd3 Rb8 11. e4 fxe4 12. Nxe4 Bf5 13. Nxf6+ Bxf6 14. Qe3 Qd7 15. Rad1 Nc7
16. Rfe1 Bg4 17. Rd2 Qf5 18. Qd3 Qd7 19. Qe3 Qf5 20. h4 Qa5 21. Bb2 b5 22. Bc3 Qa6
23. Nh2 Bd7 24. Bf1 Qc8 25. h5 gxh5 26. d5 cxd5 27. Bxf6 exf6 28. Qh6 Re8 29. Rxe8+ Qxe8
30. Qxf6 Qg6 31. Qe7 Be6 32. Re2 Qf7 33. Qxd6 Ne8 34. Qxb8 1-0

[Event "Master Tournament (MTO)"]
[Site "Biel/Bienne"]
[Date "2018.07.29"]
[Round "6.20"]
[White "Mertens, Heiko"]
[Black "Bellaiche, Anthony"]
[Result "0-1"]
[WhiteElo "2313"]
[BlackElo "2459"]
[PlyCount "64"]
[EventDate "2018.07.23"]

1. d4 Nf6 2. Nf3 d5 3. e3 Bf5 4. Bd3 Bg6 5. b3 e6 6. Bb2 Be7 7. O-O O-O 8. Bxg6
hxg6 9. Nbd2 c5 10. c4 cxd4 11. Nxd4 e5 12. N4f3 e4 13. Ne5 Re8 14. cxd5 Qxd5
15. Nxe4 Qe6 16. Rc1 Na6 17. Qe2 Bd8 18. Bd4 Bc7 19. a4 Rac8 20. h3 Bb8 21. Ng4
Nd7 22. Nc5 Ndxc5 23. b4 Nd3 24. Rxc8 Rxc8 25. b5 Nab4 26. f4 Rc2 27. Qd1 Qa2
28. Qa1 Rxg2+ 29. Kh1 Qe2 30. Bxg7 Rxg4 31. hxg4 Nc2 32. Qb1 Nxe3 0-1

[Event "Master Tournament (MTO)"]
[Site "Biel/Bienne"]
[Date "2018.07.30"]
[Round "7.1"]
[White "Vaibhav, Suri"]
[Black "Lampert, Jonas"]
[Result "1-0"]
[WhiteElo "2556"]
[BlackElo "2546"]
[PlyCount "69"]
[EventDate "2018.07.23"]

1. e4 e5 2. Nf3 Nc6 3. Bc4 Nf6 4. d3 Bc5 5. O-O h6 6. c3 d6 7. Re1 O-O 8. Nbd2
a5 9. Nf1 Be6 10. Bb5 Ne7 11. d4 exd4 12. cxd4 Bb4 13. Re2 a4 14. Ng3 a3 15. d5
Bd7 16. Bxd7 Qxd7 17. Rb1 c6 18. dxc6 bxc6 19. Bxh6 gxh6 20. Qd4 Qe6 21. Qxb4
Rfb8 22. Qc3 Qxa2 23. Ree1 Rxb2 24. Ra1 Qe6 25. Rxa3 Rxa3 26. Qxb2 Ra2 27. Qb8+
Kh7 28. Qb1 Ng6 29. e5 Ng4 30. exd6 Qd5 31. Ne4 Qa5 32. d7 Ra3 33. h3 Rxf3 34.
hxg4 Rb3 35. Qxb3 1-0

[Event "Master Tournament (MTO)"]
[Site "Biel/Bienne"]
[Date "2018.07.30"]
[Round "7.2"]
[White "Donchenko, Alexander"]
[Black "Kuljasevic, Davorin"]
[Result "1/2-1/2"]
[WhiteElo "2588"]
[BlackElo "2545"]
[PlyCount "58"]
[EventDate "2018.07.23"]

1. d4 d5 2. c4 e6 3. Nc3 Bb4 4. e3 Nf6 5. a3 Bxc3+ 6. bxc3 O-O 7. cxd5 exd5 8.
Bd3 b6 9. Ne2 Ba6 10. Bxa6 Nxa6 11. O-O c5 12. Qd3 Nc7 13. a4 Ne6 14. Ba3 Qd7
15. a5 Rfc8 16. Rfb1 bxa5 17. Qa6 cxd4 18. cxd4 Rc2 19. Ng3 h5 20. h3 Ng5 21.
Qb7 Qxb7 22. Rxb7 Nge4 23. Nxe4 Nxe4 24. f3 Ng3 25. Rb5 Re8 26. Re1 Ne2+ 27.
Kf1 Ng3+ 28. Kg1 Ne2+ 29. Kf1 Ng3+ 1/2-1/2

[Event "Master Tournament (MTO)"]
[Site "Biel/Bienne"]
[Date "2018.07.30"]
[Round "7.3"]
[White "Bilguun, Sumiya"]
[Black "Iturrizaga Bonelli, Eduardo"]
[Result "1/2-1/2"]
[WhiteElo "2490"]
[BlackElo "2652"]
[PlyCount "81"]
[EventDate "2018.07.23"]

1. e4 c5 2. Nf3 e6 3. d4 cxd4 4. Nxd4 a6 5. Nc3 Qc7 6. Bd3 Nf6 7. Qe2 d6 8. O-O
Be7 9. Kh1 Nbd7 10. f4 b5 11. Bd2 Bb7 12. Rae1 b4 13. Nd1 Nc5 14. Nf2 Qb6 15.
Be3 Qd8 16. Bd2 Nxd3 17. cxd3 a5 18. Rc1 O-O 19. Nc6 Bxc6 20. Rxc6 Qd7 21. Rcc1
Qa4 22. b3 Qb5 23. Rc2 d5 24. e5 Nd7 25. Be3 a4 26. bxa4 Rxa4 27. h3 d4 28. Bc1
Rfa8 29. Ne4 Nb6 30. f5 exf5 31. Rxf5 Qd5 32. Bg5 Qe6 33. Rf2 Nd5 34. Bxe7 Qxe7
35. Nd6 Nc3 36. Qg4 Qxe5 37. Nxf7 Qe7 38. Nh6+ Kh8 39. Nf7+ Kg8 40. Nh6+ Kh8
41. Nf7+ 1/2-1/2

[Event "Master Tournament (MTO)"]
[Site "Biel/Bienne"]
[Date "2018.07.30"]
[Round "7.4"]
[White "Kovchan, Alexander"]
[Black "Salem, A.R. Saleh"]
[Result "0-1"]
[WhiteElo "2572"]
[BlackElo "2642"]
[PlyCount "110"]
[EventDate "2018.07.23"]

1. Nf3 Nf6 2. c4 g6 3. Nc3 Bg7 4. d4 O-O 5. g3 d6 6. Bg2 Nbd7 7. O-O e5 8. e4
exd4 9. Nxd4 Re8 10. Re1 Ng4 11. Qxg4 Bxd4 12. Qd1 Bg7 13. Qc2 h5 14. b3 h4 15.
Bb2 c6 16. Rad1 Ne5 17. f3 h3 18. Bh1 Qa5 19. Kf1 b5 20. cxb5 cxb5 21. f4 Ng4
22. Nd5 Qxa2 23. Rd2 Be6 24. Bxg7 Qxc2 25. Rxc2 Bxd5 26. Bd4 Bxb3 27. Rd2 a5
28. Bf3 f5 29. Bxg4 fxg4 30. Kf2 b4 31. Bb6 Re6 32. Bc7 Ra6 33. Rc1 Kf7 34. Bb8
Rb6 35. Bc7 Ra6 36. Bb8 Rxe4 37. Bxd6 Rc4 38. Ra1 Rcc6 39. Be5 Rc2 40. Ke3 Rxd2
41. Kxd2 Ke6 42. Bg7 Rc6 43. Rxa5 Rc2+ 44. Ke3 Rxh2 45. Ra6+ Kd7 46. Rxg6 Ra2
47. Rh6 Bd5 48. Rh5 Bf3 49. f5 h2 50. f6 Ke6 51. Re5+ Kf7 52. Re7+ Kg6 53. Bh8
Re2+ 54. Kf4 Rxe7 55. fxe7 Kf7 0-1

[Event "Master Tournament (MTO)"]
[Site "Biel/Bienne"]
[Date "2018.07.30"]
[Round "7.5"]
[White "Aravindh, Chithambaram Vr."]
[Black "Wagner, Dennis"]
[Result "0-1"]
[WhiteElo "2580"]
[BlackElo "2558"]
[PlyCount "90"]
[EventDate "2018.07.23"]

1. c4 c5 2. Nf3 Nf6 3. Nc3 e6 4. e3 d5 5. d4 a6 6. dxc5 Bxc5 7. a3 O-O 8. b4
Be7 9. cxd5 exd5 10. Bb2 a5 11. b5 Be6 12. Be2 Nbd7 13. Na4 Ne4 14. O-O Rc8 15.
Rc1 Rxc1 16. Qxc1 Bd6 17. Qa1 f6 18. Nc3 Nec5 19. Nd4 Bf7 20. Rd1 Nb6 21. Bf3
Qc7 22. g3 Be5 23. Nce2 Nc4 24. Bc3 Ne4 25. Be1 h5 26. Nc3 f5 27. Qc1 Qd7 28.
Nce2 Rc8 29. Qa1 h4 30. Bg2 g6 31. Nf4 Bf6 32. Nd3 Qe7 33. a4 hxg3 34. hxg3
Nxg3 35. fxg3 Nxe3 36. Rc1 Rxc1 37. Qxc1 Bxd4 38. Bf2 g5 39. Qc8+ Kg7 40. Ne1
b6 41. Nd3 Qa3 42. Qd8 Qxd3 43. Qxg5+ Kh7 44. Bh3 Ng4 45. Bxg4 Bxf2+ 0-1

[Event "Master Tournament (MTO)"]
[Site "Biel/Bienne"]
[Date "2018.07.30"]
[Round "7.6"]
[White "Dragun, Kamil"]
[Black "Aryan, Chopra"]
[Result "1/2-1/2"]
[WhiteElo "2594"]
[BlackElo "2536"]
[PlyCount "83"]
[EventDate "2018.07.23"]

1. c4 Nf6 2. Nf3 g6 3. g3 Bg7 4. Bg2 O-O 5. O-O d6 6. d4 Nc6 7. Nc3 e5 8. dxe5
dxe5 9. Bg5 Be6 10. Qc1 Qc8 11. Rd1 Rd8 12. Nd2 a5 13. Bxf6 Bxf6 14. Nde4 Bg7
15. Rxd8+ Qxd8 16. Nc5 Bc8 17. Bxc6 bxc6 18. Qe3 Bf5 19. Rd1 Qf8 20. N3e4 a4
21. Kg2 Ra5 22. g4 Bxe4+ 23. Nxe4 h6 24. Rd7 Qc8 25. Qd3 Rd5 26. cxd5 Qxd7 27.
dxc6 Qxc6 28. f3 Qe6 29. b3 axb3 30. axb3 Bf8 31. h4 Be7 32. h5 Kg7 33. hxg6
fxg6 34. Qc3 c6 35. Nf2 Bf6 36. Qb4 h5 37. Qb7+ Kh6 38. Qb8 Kg7 39. Qa7+ Qf7
40. Qe3 Qe6 41. Qd3 Bh4 42. gxh5 1/2-1/2

[Event "Master Tournament (MTO)"]
[Site "Biel/Bienne"]
[Date "2018.07.30"]
[Round "7.7"]
[White "Eljanov, Pavel"]
[Black "Erigaisi, Arjun"]
[Result "1-0"]
[WhiteElo "2706"]
[BlackElo "2499"]
[PlyCount "81"]
[EventDate "2018.07.23"]

1. Nf3 d5 2. g3 Bg4 3. Bg2 Nd7 4. b3 Bxf3 5. Bxf3 Ngf6 6. d3 c6 7. O-O e5 8. e4
dxe4 9. dxe4 Bc5 10. Nd2 O-O 11. a4 a5 12. Qe2 Qc7 13. Rd1 h6 14. Nc4 Nb6 15.
Ne3 Nc8 16. Nf5 Ne7 17. Ne3 Rad8 18. Bd2 b6 19. Nc4 Bd4 20. Rac1 Rd7 21. b4
axb4 22. Bxb4 b5 23. c3 Bxf2+ 24. Qxf2 bxc4 25. Rxd7 Qxd7 26. Rd1 Qb7 27. a5
Ra8 28. Qb6 Qxb6+ 29. axb6 c5 30. Bxc5 Nc6 31. Bd6 Ra5 32. Bc7 Rb5 33. Rd5 Rb3
34. Rc5 Rxc3 35. Rxc6 Rxf3 36. b7 Nd7 37. Bxe5 Rb3 38. b8=Q+ Nxb8 39. Rc8+ Kh7
40. Rxb8 c3 41. Kf2 1-0

[Event "Master Tournament (MTO)"]
[Site "Biel/Bienne"]
[Date "2018.07.30"]
[Round "7.8"]
[White "Lalith, Babu M R"]
[Black "Gordievsky, Dmitry"]
[Result "1-0"]
[WhiteElo "2529"]
[BlackElo "2638"]
[PlyCount "87"]
[EventDate "2018.07.23"]

1. c4 e5 2. Nc3 Bb4 3. g3 Bxc3 4. bxc3 d6 5. Bg2 Ne7 6. Nf3 c5 7. d4 f6 8. dxc5
dxc5 9. Qxd8+ Kxd8 10. Ba3 Nd7 11. Nd2 Rb8 12. Ne4 b6 13. Nd6 Ba6 14. O-O-O Kc7
15. Rd2 f5 16. Rhd1 Nf6 17. Nf7 e4 18. Nxh8 Bxc4 19. Nf7 Bxf7 20. c4 Bxc4 21.
Bb2 Ned5 22. Be5+ Kb7 23. g4 fxg4 24. Bxb8 Kxb8 25. Bxe4 Nc3 26. Bd3 Be6 27.
Rg1 Nxa2+ 28. Kb2 c4 29. Kxa2 c3+ 30. Kb1 cxd2 31. Kc2 a5 32. Kxd2 g6 33. Kc3
Kc7 34. Kd4 Kd6 35. e4 Nd7 36. Rb1 a4 37. e5+ Nxe5 38. Rxb6+ Nc6+ 39. Kc3 a3
40. Bb5 Bd5 41. Ra6 a2 42. Bxc6 Bxc6 43. Kd4 Ke7 44. Rxa2 1-0

[Event "Master Tournament (MTO)"]
[Site "Biel/Bienne"]
[Date "2018.07.30"]
[Round "7.9"]
[White "Zoler, Dan"]
[Black "Romanov, Evgeny"]
[Result "1/2-1/2"]
[WhiteElo "2506"]
[BlackElo "2636"]
[PlyCount "186"]
[EventDate "2018.07.23"]

1. d4 Nf6 2. c4 e6 3. Nf3 b6 4. g3 Ba6 5. b3 d5 6. Bg2 Bb4+ 7. Bd2 Bd6 8. cxd5
exd5 9. O-O O-O 10. Nc3 Re8 11. Re1 Nbd7 12. Nh4 Bb7 13. Nb5 Bf8 14. Bf4 c6 15.
Nd6 Bxd6 16. Bxd6 Ne4 17. Ba3 Qf6 18. Nf3 c5 19. Rc1 Rac8 20. e3 Qf5 21. Qe2 c4
22. bxc4 dxc4 23. Nd2 c3 24. Nxe4 Bxe4 25. f3 Bd3 26. Bh3 Qxh3 27. Qxd3 Qh5 28.
e4 Qa5 29. Bd6 b5 30. a3 Qb6 31. Bf4 Rc4 32. Rxc3 Rxd4 33. Qe3 Qf6 34. Rc6 Qxc6
35. Qxd4 Nb6 36. Rc1 Qe6 37. Rc7 a6 38. Qd6 Qxd6 39. Bxd6 Nc4 40. Bc5 g5 41.
Ra7 Rc8 42. Be7 Ne5 43. Rxa6 Nxf3+ 44. Kf2 g4 45. Ke3 Nxh2 46. Rb6 Re8 47. Bf6
Nf1+ 48. Kf4 Nd2 49. e5 Nc4 50. Rxb5 Nxa3 51. Rc5 Rb8 52. Kxg4 Nb5 53. Rc4 Kf8
54. Rb4 Ke8 55. Kh5 Rb7 56. Rb2 Kd7 57. Kh6 Kc6 58. Kxh7 Ra7 59. g4 Nd4 60. g5
Nf3 61. Kg8 Kd5 62. Rf2 Nxg5 63. Bxg5 Kxe5 64. Bf6+ Ke4 65. Kg7 Rb7 66. Rh2 Rd7
67. Rh5 Rb7 68. Re5+ Kf3 69. Ra5 Ke3 70. Kh6 Rd7 71. Re5+ Kf4 72. Re1 Kf5 73.
Kg7 Kg4 74. Rf1 Rb7 75. Bd4 f5+ 76. Kf6 f4 77. Ke5 Re7+ 78. Kd5 Re2 79. Rg1+
Kh3 80. Rd1 Kg4 81. Kc4 f3 82. Kd3 Kg3 83. Rg1+ Rg2 84. Be5+ Kg4 85. Rb1 Re2
86. Rb4+ Kh3 87. Bd4 Ra2 88. Rb8 f2 89. Rh8+ Kg2 90. Rg8+ Kf3 91. Rf8+ Kg2 92.
Rxf2+ Rxf2 93. Bxf2 Kxf2 1/2-1/2

[Event "Master Tournament (MTO)"]
[Site "Biel/Bienne"]
[Date "2018.07.30"]
[Round "7.10"]
[White "Flom, Gabriel"]
[Black "Antipov, Mikhail Al"]
[Result "1/2-1/2"]
[WhiteElo "2515"]
[BlackElo "2626"]
[PlyCount "38"]
[EventDate "2018.07.23"]

1. d4 f5 2. Bf4 g6 3. Nc3 Nf6 4. e3 Bg7 5. h4 O-O 6. Be2 h6 7. g4 fxg4 8. Bxg4
Qe8 9. Bh3 Na6 10. Qd3 Qf7 11. O-O-O Nb4 12. Qb5 Nxa2+ 13. Nxa2 Qxa2 14. Qd3 d5
15. f3 Qa1+ 16. Kd2 Qa5+ 17. Kc1 Qa1+ 18. Kd2 Qa5+ 19. Kc1 Qa1+ 1/2-1/2

[Event "Master Tournament (MTO)"]
[Site "Biel/Bienne"]
[Date "2018.07.30"]
[Round "7.11"]
[White "Stojanovic, Mihajlo"]
[Black "Indjic, Aleksandar"]
[Result "1/2-1/2"]
[WhiteElo "2486"]
[BlackElo "2599"]
[PlyCount "51"]
[EventDate "2018.07.23"]

1. d4 Nf6 2. c4 c5 3. d5 e6 4. Nc3 exd5 5. cxd5 d6 6. e4 g6 7. Bd3 Bg7 8. h3
O-O 9. Nf3 Re8 10. O-O Nbd7 11. Bf4 c4 12. Bc2 Nc5 13. Re1 b5 14. a3 Qb6 15. e5
dxe5 16. Nxe5 Bb7 17. Qf3 Nb3 18. Bxb3 cxb3 19. Nc6 Nxd5 20. Nxd5 Qxc6 21. Ne7+
Rxe7 22. Rxe7 Qxf3 23. gxf3 Bxf3 24. Be5 h5 25. Rc1 Rd8 26. Bxg7 1/2-1/2

[Event "Master Tournament (MTO)"]
[Site "Biel/Bienne"]
[Date "2018.07.30"]
[Round "7.12"]
[White "Ikeda, Junta"]
[Black "Baklan, Vladimir"]
[Result "0-1"]
[WhiteElo "2437"]
[BlackElo "2595"]
[PlyCount "60"]
[EventDate "2018.07.23"]

1. d4 Nf6 2. c4 g6 3. Nf3 Bg7 4. g3 b6 5. Bg2 Bb7 6. O-O O-O 7. d5 Na6 8. Nc3
Nc5 9. Nd4 e5 10. Nc2 a5 11. e4 Ne8 12. b3 f5 13. exf5 gxf5 14. Bb2 Nd6 15. Rb1
Ba6 16. Na3 Qe7 17. Re1 Rae8 18. f4 e4 19. Bf1 Bf6 20. Qc2 Qg7 21. Kh1 Nd3 22.
Bxd3 exd3 23. Qxd3 Ne4 24. Rxe4 fxe4 25. Qc2 e3 26. Ne2 c6 27. dxc6 dxc6 28.
Bxf6 Qxf6 29. Qd3 Qf7 30. Kg1 c5 0-1

[Event "Master Tournament (MTO)"]
[Site "Biel/Bienne"]
[Date "2018.07.30"]
[Round "7.13"]
[White "Bellaiche, Anthony"]
[Black "Krejci, Jan"]
[Result "1/2-1/2"]
[WhiteElo "2459"]
[BlackElo "2578"]
[PlyCount "74"]
[EventDate "2018.07.23"]

1. Nf3 Nf6 2. c4 e6 3. Nc3 d5 4. d4 a6 5. cxd5 exd5 6. Bf4 Bd6 7. Be5 c6 8. e3
Bg4 9. h3 Bxf3 10. gxf3 Bxe5 11. dxe5 Nfd7 12. f4 Qe7 13. Rg1 g6 14. Qc2 Nc5
15. O-O-O Nbd7 16. Kb1 Nb6 17. e4 Nxe4 18. Nxe4 dxe4 19. Bg2 O-O 20. Bxe4 Rad8
21. Rde1 Rfe8 22. Qb3 Nd5 23. Qg3 Qe6 24. a3 Ne7 25. Qg5 Nd5 26. Bc2 f6 27. Qh6
f5 28. h4 Re7 29. h5 Rg7 30. Rg5 Ne7 31. Rg3 c5 32. Qg5 Kf7 33. Rc3 c4 34. Rce3
Nc6 35. Rg3 Ne7 36. Rge3 Nc6 37. Rg3 Ne7 1/2-1/2

[Event "Master Tournament (MTO)"]
[Site "Biel/Bienne"]
[Date "2018.07.30"]
[Round "7.14"]
[White "Moussard, Jules"]
[Black "Iniyan, P."]
[Result "1-0"]
[WhiteElo "2559"]
[BlackElo "2451"]
[PlyCount "71"]
[EventDate "2018.07.23"]

1. e4 c5 2. Nf3 d6 3. d4 cxd4 4. Nxd4 Nf6 5. Nc3 a6 6. g3 e5 7. Nf3 Be7 8. Nh4
Nc6 9. Bg2 Bg4 10. Qd3 Nb4 11. Qd2 g6 12. O-O Qb6 13. h3 Bd7 14. Qd1 a5 15. Be3
Qc7 16. Bh6 Be6 17. Qe2 Na6 18. Rad1 Qb6 19. b3 Qb4 20. Nd5 Nxd5 21. exd5 Bd7
22. Nf3 Rc8 23. Nxe5 dxe5 24. Qxe5 f6 25. Qe2 Kd8 26. d6 Bxd6 27. Qd3 Nb8 28.
Qxd6 Qxd6 29. Rxd6 Rxc2 30. Rxf6 Rxa2 31. Bxb7 Bxh3 32. Rc1 Ke7 33. Bg5 h6 34.
Re1+ Kd7 35. Bf4 g5 36. Rf7+ 1-0

[Event "Master Tournament (MTO)"]
[Site "Biel/Bienne"]
[Date "2018.07.30"]
[Round "7.16"]
[White "Karthikeyan, Murali"]
[Black "Arjun, Kalyan"]
[Result "1/2-1/2"]
[WhiteElo "2609"]
[BlackElo "2370"]
[PlyCount "83"]
[EventDate "2018.07.23"]

1. e4 e5 2. Nf3 Nc6 3. Bb5 a6 4. Ba4 Nf6 5. d3 d6 6. c3 g6 7. O-O Bg7 8. Re1
O-O 9. Nbd2 h6 10. h3 Re8 11. d4 b5 12. Bc2 Bb7 13. a3 Nb8 14. b4 Nbd7 15. Bb2
d5 16. exd5 exd4 17. Rxe8+ Qxe8 18. c4 bxc4 19. Nxc4 Bxd5 20. Ncd2 c5 21. bxc5
Nxc5 22. Bxd4 Ne6 23. Be5 Ng5 24. Ba4 Qe6 25. Bc3 Rc8 26. Rc1 Qf5 27. Bb3 Bb7
28. Bxf6 Nxf3+ 29. Nxf3 Rxc1 30. Qxc1 Qxf6 31. Qc4 Bxf3 32. gxf3 Qxf3 33. Qd5
Qf6 34. a4 Bf8 35. Kg2 Bd6 36. h4 h5 37. Qg5 Qxg5+ 38. hxg5 a5 39. Kh3 Bf4 40.
Kh4 Kf8 41. f3 Ke7 42. Bc4 1/2-1/2

[Event "Master Tournament (MTO)"]
[Site "Biel/Bienne"]
[Date "2018.07.30"]
[Round "7.17"]
[White "Ravi, Teja S"]
[Black "Bartel, Mateusz"]
[Result "1/2-1/2"]
[WhiteElo "2360"]
[BlackElo "2604"]
[PlyCount "138"]
[EventDate "2018.07.23"]

1. d4 Nf6 2. Nf3 b6 3. e3 Bb7 4. Bd3 e6 5. O-O d5 6. c4 Bd6 7. Nc3 O-O 8. Qe2
Nbd7 9. e4 dxe4 10. Nxe4 Re8 11. Nxf6+ Nxf6 12. Bg5 h6 13. Bxf6 Qxf6 14. Be4
Bxe4 15. Qxe4 c5 16. Rad1 Rad8 17. Ne5 cxd4 18. Nc6 Rc8 19. Rxd4 Bxh2+ 20. Kxh2
e5 21. Nxe5 Rxe5 22. Qd3 Rce8 23. Kg1 Re2 24. Qc3 R8e4 25. Rxe4 Qxc3 26. Rxe2
Qxc4 27. Re8+ Kh7 28. a3 Qb3 29. Re2 g5 30. Rd2 a5 31. Re1 Kg7 32. Re7 h5 33.
Rdd7 a4 34. Rd2 Qc4 35. Red7 Qc1+ 36. Kh2 Qe1 37. R7d5 Kg6 38. Rc2 f6 39. Rd3
h4 40. Re3 Qf1 41. g3 Qd1 42. Rce2 hxg3+ 43. fxg3 f5 44. b3 f4 45. gxf4 gxf4
46. Re6+ Kf5 47. bxa4 Qb3 48. R6e5+ Kg4 49. Rg2+ Kf3 50. Ree2 Qxa4 51. Ref2+
Ke3 52. Re2+ Kd3 53. Rd2+ Ke4 54. Rge2+ Kf3 55. Rf2+ Kg4 56. Rg2+ Kf5 57. Rd3
Qa8 58. Rb3 Qh8+ 59. Rh3 Qe8 60. Rb2 Qb8 61. Rhb3 Qh8+ 62. Kg1 Qd4+ 63. Kh2 Qd6
64. Rxb6 Qxa3 65. R6b3 Qa4 66. Rf3 Kg4 67. Rbf2 Qe4 68. Rxf4+ Qxf4+ 69. Rxf4+
Kxf4 1/2-1/2

[Event "Master Tournament (MTO)"]
[Site "Biel/Bienne"]
[Date "2018.07.30"]
[Round "7.18"]
[White "Schnepp, Gunnar"]
[Black "Michalik, Peter"]
[Result "1/2-1/2"]
[WhiteElo "2336"]
[BlackElo "2562"]
[PlyCount "121"]
[EventDate "2018.07.23"]

1. e4 c5 2. Nf3 d6 3. d4 cxd4 4. Nxd4 Nf6 5. Nc3 a6 6. Be2 e5 7. Nb3 Be7 8. O-O
O-O 9. Bg5 Nbd7 10. a4 b6 11. Nd5 Bb7 12. Nxe7+ Qxe7 13. f3 h6 14. Bxf6 Nxf6
15. c4 a5 16. Qd2 Rad8 17. Rfd1 Bc6 18. Nc1 Qa7 19. Kh1 Nh5 20. Ra3 Nf4 21. Nd3
Ne6 22. Ne1 Nc5 23. b3 Qe7 24. Qe3 Qg5 25. Qxg5 hxg5 26. Nd3 Ne6 27. h3 g6 28.
Kg1 Nd4 29. Rd2 f5 30. Nf2 Kf7 31. Bd1 Ke7 32. Rd3 Rh8 33. Ra2 Rh4 34. Re3 Kd7
35. Rd2 Kc7 36. Bc2 Rf8 37. Bd1 Ne6 38. Red3 Rd8 39. Re3 Nc5 40. Bc2 Bd7 41.
Bd1 Bc8 42. Bc2 Rdh8 43. Bd1 Be6 44. Bc2 Rd8 45. Bd1 Nd7 46. Bc2 Nf6 47. g4 Bc8
48. Kg2 Ne8 49. exf5 gxf5 50. Bxf5 Bxf5 51. gxf5 Rf4 52. Ne4 Ng7 53. f6 Ne6 54.
Rdd3 Nd4 55. Rxd4 exd4 56. Rd3 Rf5 57. Kg3 Kc6 58. Kg4 Rf4+ 59. Kg3 Rf5 60. Kg4
Rf4+ 61. Kg3 1/2-1/2

[Event "Master Tournament (MTO)"]
[Site "Biel/Bienne"]
[Date "2018.07.30"]
[Round "7.19"]
[White "Kaczmarczyk, Dennis"]
[Black "Paterek, Michal"]
[Result "1/2-1/2"]
[WhiteElo "2444"]
[BlackElo "2327"]
[PlyCount "130"]
[EventDate "2018.07.23"]

1. d4 d5 2. c4 c6 3. Nf3 Nf6 4. Nc3 e6 5. Bg5 dxc4 6. e4 b5 7. e5 h6 8. Bh4 g5
9. Nxg5 hxg5 10. Bxg5 Nbd7 11. g3 Qa5 12. exf6 Ba6 13. a3 O-O-O 14. Bg2 Nc5 15.
O-O Nb3 16. Be3 Nxa1 17. Qxa1 Bb7 18. h4 c5 19. Bxb7+ Kxb7 20. dxc5 Rd3 21. Rd1
Qd8 22. Rxd3 Qxd3 23. Nxb5 Rh5 24. Qe1 Bxc5 25. Bxc5 Rxc5 26. Qb4 Qd1+ 27. Kh2
Kc6 28. Nxa7+ Kd5 29. Nb5 Qf3 30. Qd2+ Qd3 31. Nc3+ Kc6 32. Qe1 Rf5 33. Kg1 Qd4
34. Qe2 Rxf6 35. Qc2 Kb7 36. Ne4 Rf3 37. Kg2 Rd3 38. Qe2 Qd5 39. Kh2 f5 40. Nc3
Rd2 41. Qe3 Qd4 42. Qxd4 Rxd4 43. h5 Kc6 44. Kh3 Rd2 45. h6 Rxb2 46. Na4 Rb8
47. Kh4 Ra8 48. Nc3 Rxa3 49. Kg5 Ra8 50. Kf6 Kc5 51. Kxe6 Kd4 52. Nb5+ Kd3 53.
Kf6 Ke2 54. f4 Kf3 55. Nd4+ Kxg3 56. Kxf5 Rh8 57. Kg5 Rg8+ 58. Kf6 Kxf4 59. h7
Rh8 60. Kg7 Rxh7+ 61. Kxh7 Ke4 62. Nb5 Kd5 63. Nc3+ Kd4 64. Nd1 c3 65. Nxc3
Kxc3 1/2-1/2

[Event "Master Tournament (MTO)"]
[Site "Biel/Bienne"]
[Date "2018.07.30"]
[Round "7.20"]
[White "Vantika, Agrawal"]
[Black "Prithu, Gupta"]
[Result "0-1"]
[WhiteElo "2295"]
[BlackElo "2436"]
[PlyCount "80"]
[EventDate "2018.07.23"]

1. d4 d5 2. c4 e6 3. Nf3 a6 4. g3 dxc4 5. Bg2 b5 6. a4 Bb7 7. axb5 axb5 8. Rxa8
Bxa8 9. O-O Nf6 10. b3 cxb3 11. Qxb3 b4 12. Bg5 Be7 13. Nbd2 O-O 14. Bxf6 Bxf6
15. e3 Be7 16. Qc2 Nd7 17. Ra1 Bd5 18. e4 Bb7 19. Nb3 h6 20. Nfd2 c5 21. d5
exd5 22. exd5 Bf6 23. Rd1 Qb6 24. Nc4 Qa6 25. Nca5 Re8 26. Bf1 Qb6 27. Nxb7
Qxb7 28. Nxc5 Nxc5 29. Qxc5 b3 30. Bb5 b2 31. Qc6 Rb8 32. Bd3 Qb3 33. Bc2 Qf3
34. Rf1 Bd4 35. Qc4 Ba7 36. Bb1 Re8 37. Qc2 g6 38. d6 Re2 39. Qc8+ Kg7 40. Qa6
Qxf2+ 0-1

[Event "Master Tournament (MTO)"]
[Site "Biel/Bienne"]
[Date "2018.07.31"]
[Round "8.1"]
[White "Salem, A.R. Saleh"]
[Black "Vaibhav, Suri"]
[Result "1/2-1/2"]
[WhiteElo "2642"]
[BlackElo "2556"]
[PlyCount "53"]
[EventDate "2018.07.23"]

1. d4 Nf6 2. c4 e6 3. Nf3 d5 4. g3 Be7 5. Bg2 O-O 6. O-O dxc4 7. Qc2 b6 8. Nfd2
c6 9. Nxc4 Qxd4 10. Rd1 Qc5 11. b3 Na6 12. Bb2 Bb7 13. a3 Rad8 14. Nbd2 b5 15.
b4 Rxd2 16. Qxd2 Qxc4 17. Qe3 Qc2 18. Qxa7 Bc8 19. Be5 Ng4 20. Qxe7 Nxe5 21.
Rd8 Ng6 22. Qd6 c5 23. Rxc8 Rxc8 24. Qxa6 Rd8 25. bxc5 Qxc5 26. Qa5 Rd2 27. Rb1
1/2-1/2

[Event "Master Tournament (MTO)"]
[Site "Biel/Bienne"]
[Date "2018.07.31"]
[Round "8.2"]
[White "Wagner, Dennis"]
[Black "Kuljasevic, Davorin"]
[Result "1/2-1/2"]
[WhiteElo "2558"]
[BlackElo "2545"]
[PlyCount "68"]
[EventDate "2018.07.23"]

1. e4 e5 2. Nf3 Nc6 3. Bb5 a6 4. Ba4 Nf6 5. O-O Be7 6. Re1 b5 7. Bb3 d6 8. a4
Bg4 9. c3 O-O 10. h3 Bxf3 11. Qxf3 Na5 12. Bc2 c5 13. axb5 axb5 14. d3 Qd7 15.
Be3 Nc6 16. Nd2 Qb7 17. Reb1 Rxa1 18. Rxa1 Ra8 19. Qd1 h6 20. Bb3 Bd8 21. Nf1
Rxa1 22. Qxa1 c4 23. dxc4 Na5 24. Qa2 bxc4 25. Bxc4 Nxc4 26. Qxc4 Nxe4 27. Qa4
Kf8 28. c4 f5 29. f3 f4 30. fxe4 fxe3 31. Nxe3 Qb6 32. Qa3 Bg5 33. c5 Bxe3+ 34.
Qxe3 Qxc5 1/2-1/2

[Event "Master Tournament (MTO)"]
[Site "Biel/Bienne"]
[Date "2018.07.31"]
[Round "8.3"]
[White "Eljanov, Pavel"]
[Black "Moussard, Jules"]
[Result "1-0"]
[WhiteElo "2706"]
[BlackElo "2559"]
[PlyCount "115"]
[EventDate "2018.07.23"]

1. d4 d6 2. Nf3 Nf6 3. c4 g6 4. Nc3 Bf5 5. h3 Ne4 6. Nxe4 Bxe4 7. Ng5 Bf5 8. e4
Bd7 9. Be3 Bg7 10. Qd2 e5 11. Nf3 Nc6 12. d5 Ne7 13. g4 c5 14. Be2 O-O 15. g5
f5 16. gxf6 Rxf6 17. O-O-O Qf8 18. Ne1 h5 19. Kb1 Kh7 20. h4 Ng8 21. Rg1 Bh6
22. f3 Bxe3 23. Qxe3 Qe7 24. Qg5 Raf8 25. Nc2 Be8 26. Qg3 a6 27. Rh1 b5 28. Ne3
Qf7 29. Rc1 Ne7 30. Qe1 Nc8 31. Qa5 Qb7 32. Rhg1 Qb6 33. Qd2 Qd8 34. Rg3 Na7
35. Rf1 Qc7 36. b3 Nc8 37. Nd1 Ne7 38. Nf2 Bd7 39. Nd3 a5 40. Rg5 bxc4 41. bxc4
Rb8+ 42. Ka1 Be8 43. f4 exf4 44. Nxf4 Qb7 45. Nd3 Ng8 46. e5 dxe5 47. Nxe5 Ne7
48. Bd3 Qb4 49. Rxh5+ Kg8 50. Qxb4 axb4 51. Rg5 b3 52. Bxg6 Nxg6 53. Nxg6 Ra6
54. Ne5+ Kh7 55. Rfg1 Kh6 56. Rg8 Rxa2+ 57. Kb1 Ra7 58. Ng4+ 1-0

[Event "Master Tournament (MTO)"]
[Site "Biel/Bienne"]
[Date "2018.07.31"]
[Round "8.5"]
[White "Aryan, Chopra"]
[Black "Donchenko, Alexander"]
[Result "0-1"]
[WhiteElo "2536"]
[BlackElo "2588"]
[PlyCount "76"]
[EventDate "2018.07.23"]

1. e4 c5 2. Nf3 d6 3. d4 cxd4 4. Nxd4 Nf6 5. Nc3 a6 6. Be3 e5 7. Nb3 Be6 8. h3
Nc6 9. Qf3 Rc8 10. O-O-O Na5 11. Nd5 Bxd5 12. exd5 Nxb3+ 13. axb3 g6 14. g4 Bg7
15. h4 Qc7 16. Rd2 h5 17. g5 Nd7 18. Bh3 O-O 19. Qe4 b5 20. Kd1 a5 21. Ke2 Ra8
22. Bxd7 Qxd7 23. c4 a4 24. c5 axb3 25. c6 Qc8 26. Qf3 Ra4 27. Qh3 Qa6 28. f3
e4 29. Qd7 exf3+ 30. Kf2 Be5 31. Kxf3 Rg4 32. Rg2 Rxg2 33. Kxg2 Qa4 34. Qh3
Bxb2 35. Bb6 Qc4 36. Qf3 Be5 37. Bf2 b2 38. Rb1 Ra8 0-1

[Event "Master Tournament (MTO)"]
[Site "Biel/Bienne"]
[Date "2018.07.31"]
[Round "8.6"]
[White "Baklan, Vladimir"]
[Black "Lalith, Babu M R"]
[Result "1/2-1/2"]
[WhiteElo "2595"]
[BlackElo "2529"]
[PlyCount "72"]
[EventDate "2018.07.23"]

1. e4 e5 2. Nf3 Nc6 3. Bb5 a6 4. Ba4 Nf6 5. Nc3 Bc5 6. O-O b5 7. Bb3 d6 8. Nd5
Rb8 9. c3 Nxd5 10. Bxd5 Ne7 11. Bb3 O-O 12. d4 exd4 13. cxd4 Bb6 14. Be3 Bb7
15. Qc2 Qd7 16. Rfe1 Rbc8 17. Rad1 Qg4 18. d5 Bxe3 19. Rxe3 c5 20. dxc6 Nxc6
21. Qd2 Rcd8 22. Bd5 Qd7 23. Rd3 Qe7 24. h3 h6 25. a3 Rc8 26. Rc3 Ne5 27. Nd4
Bxd5 28. Nf5 Qe6 29. Rg3 Ng6 30. Qxd5 Qxd5 31. Rxd5 Rc1+ 32. Kh2 Rc2 33. Rxd6
Rxf2 34. Rxa6 Rxb2 35. h4 h5 36. Rg5 Rb8 1/2-1/2